| 000 | 00628cam a22002293a 4500 | ||
|---|---|---|---|
| 001 | 23136 | ||
| 003 | PGUSA | ||
| 005 | 20140828083507.0 | ||
| 008 | 071021s2007||||xxu|||||s|||||000 | eng d | ||
| 040 |
_aPGUSA _beng |
||
| 042 | _adc | ||
| 050 | 4 | _aB | |
| 100 | 1 |
_aTagore, Rabindranath, _d1861-1941 |
|
| 245 | 1 | 0 |
_aCreative Unity _h[electronic resource] / _cRabindranath Tagore |
| 260 |
_bProject Gutenberg, _c2007 |
||
| 506 | _aPublic domain in the USA. | ||
| 516 | _aElectronic text | ||
| 653 | _aPhilosophy, Hindu | ||
| 830 | 0 |
_aProject Gutenberg _v23136 |
|
| 856 | 4 | 0 | _uhttp://www.gutenberg.org/ebooks/23136 |
| 942 | _cEB | ||
| 999 |
_c252391 _d252391 |
||